000
00260pam a2200121 a 4500
020
_c
041
_a
eng
100
_a
Bildwin Earl.
245
_a
Science In War
_h
Textual Documents
260
_a
New York
_b
Penguin Books Ltd
300
_a
140p.
930
_a
15234
999
_c
92134
_d
92134